000 00268nam a22001217a 4500
008 181031b xxu||||| |||| 00| 0 eng d
041 _aeng
080 _a721
100 _a42
101 _aNDE
245 _aHome Woodworking & Finishing
_cHandyman
942 _2udc
_cBK
999 _c51208
_d51208